A Voyage to New Holland, Etc. in the Year 1699 (Record no. 244930)
[ view plain ]
| 000 -LEADER | |
|---|---|
| fixed length control field | 01092cam a22003013a 4500 |
| 001 - CONTROL NUMBER | |
| control field | 15675 |
| 003 - CONTROL NUMBER IDENTIFIER | |
| control field | PGUSA |
| 005 - DATE AND TIME OF LATEST TRANSACTION | |
| control field | 20140828083333.0 |
| 008 - FIXED-LENGTH DATA ELEMENTS--GENERAL INFORMATION | |
| fixed length control field | 050421s2005||||xxu|||||s|||||000 | eng d |
| 040 ## - CATALOGING SOURCE | |
| Original cataloging agency | PGUSA |
| Language of cataloging | eng |
| 042 ## - AUTHENTICATION CODE | |
| Authentication code | dc |
| 050 #4 - LIBRARY OF CONGRESS CALL NUMBER | |
| Classification number | G |
| 100 1# - MAIN ENTRY--PERSONAL NAME | |
| Personal name | Dampier, William, |
| Dates associated with a name | 1652-1715 |
| 245 12 - TITLE STATEMENT | |
| Title | A Voyage to New Holland, Etc. in the Year 1699 |
| Medium | [electronic resource] / |
| Statement of responsibility, etc | William Dampier |
| 260 ## - PUBLICATION, DISTRIBUTION, ETC. (IMPRINT) | |
| Name of publisher, distributor, etc | Project Gutenberg, |
| Date of publication, distribution, etc | 2005 |
| 506 ## - RESTRICTIONS ON ACCESS NOTE | |
| Terms governing access | Public domain in the USA. |
| 516 ## - TYPE OF COMPUTER FILE OR DATA NOTE | |
| Type of computer file or data note | Electronic text |
| 653 ## - INDEX TERM--UNCONTROLLED | |
| Uncontrolled term | Canary Islands -- Description and travel -- Early works to 1800 |
| 653 ## - INDEX TERM--UNCONTROLLED | |
| Uncontrolled term | Voyages around the world -- Early works to 1800 |
| 653 ## - INDEX TERM--UNCONTROLLED | |
| Uncontrolled term | Voyages and travels -- Early works to 1800 |
| 653 ## - INDEX TERM--UNCONTROLLED | |
| Uncontrolled term | Natural history -- Pre-Linnean works |
| 653 ## - INDEX TERM--UNCONTROLLED | |
| Uncontrolled term | Shark Bay (W.A.) -- Discovery and exploration -- Early works to 1800 |
| 653 ## - INDEX TERM--UNCONTROLLED | |
| Uncontrolled term | Salvador (Brazil) -- Description and travel -- Early works to 1800 |
| 653 ## - INDEX TERM--UNCONTROLLED | |
| Uncontrolled term | Buccaneers -- Early works to 1800 |
| 830 #0 - SERIES ADDED ENTRY--UNIFORM TITLE | |
| Uniform title | Project Gutenberg |
| Volume number/sequential designation | 15675 |
| 856 40 - ELECTRONIC LOCATION AND ACCESS | |
| Uniform Resource Identifier | <a href="http://www.gutenberg.org/ebooks/15675">http://www.gutenberg.org/ebooks/15675</a> |
| 942 ## - ADDED ENTRY ELEMENTS (KOHA) | |
| Koha item type | eBooks |
| Withdrawn status | Lost status | Damaged status | Home library | Current library | Date acquired | Total Checkouts | Date last seen | Price effective from | Koha item type |
|---|---|---|---|---|---|---|---|---|---|
| Project Gutenberg | Project Gutenberg | 08/28/2014 | 08/28/2014 | 08/28/2014 | eBooks |